Ramayana For Children (Record no. 831348)

MARC details
000 -LEADER
fixed length control field 00425nam a2200169Ia 4500
008 - FIXED-LENGTH DATA ELEMENTS--GENERAL INFORMATION
fixed length control field 110201s9999 xx 000 0 und d
082 ## - DEWEY DECIMAL CLASSIFICATION NUMBER
Item number B5574
Classification number BAL 1528
100 ## - MAIN ENTRY--PERSONAL NAME
Personal name Lyengar Vatsala
245 ## - TITLE STATEMENT
Title Ramayana For Children
260 ## - PUBLICATION, DISTRIBUTION, ETC. (IMPRINT)
Name of publisher, distributor, etc Vasan Book Depot
365 ## - TRADE PRICE
Price amount 22
600 ## - SUBJECT ADDED ENTRY--PERSONAL NAME
Personal name Lyengar Vatsala
630 ## - SUBJECT ADDED ENTRY--UNIFORM TITLE
Uniform title Ramayana For Children
700 ## - ADDED ENTRY--PERSONAL NAME
Personal name Lyengar Vatsala
730 ## - ADDED ENTRY--UNIFORM TITLE
Uniform title Ramayana For Children
942 ## - ADDED ENTRY ELEMENTS (KOHA)
Koha item type Book
Holdings
Withdrawn status Lost status Damaged status Not for loan Home library Current library Date acquired Cost, normal purchase price Total Checkouts Barcode Date last seen Cost, replacement price Price effective from Koha item type
        Prof.Manikrao Kirtane Vachanalaya, Vashi, Navi Mumbai Prof.Manikrao Kirtane Vachanalaya, Vashi, Navi Mumbai 02/01/2011 22.00   PMKV-B5574 02/01/2011 22.00 02/01/2011 Book